00871nam a2200229 a 450000100060000000300090000600800410001502000150005604000280007108200180009910000380011724500830015526000470023830000110028559000470029665000390034365000290038265000480041194200120045999900170047195201530048820024CO-ViMGA141112s2004 ck r 000 u spa d a9508021330 aCO-ViMGAbspacCO-ViMGA04a301.018 E721d1 aEscalada, Mercedes (et al)92906110aEl Diagnostico social : bproceso de conocimiento e intervención profesional aBuenos Aires : bespacio editorial, c2001 a157 p. aForma de adquisición : Premio Mincultura14aACCION SOCIAL - METODOLOGIA92906214aASISTENCIA SOCIAL92906314aInvestigación SOCIAL - METODOLOGIA929064 2ddccBK c29141d29141 00102ddc40708003aMEVIECARbMEVIECARd2015-12-04hVolumen. 1 | 11/jun/2009l0o301.018 E721d p20024r2015-12-04 00:00:00tEj. 1w2015-12-04yBK